|
|
|
|
| LEADER |
02512nam a22003734a 4500 |
| 001 |
EBC235437 |
| 003 |
MiAaPQ |
| 005 |
20200520144314.0 |
| 006 |
m o d | |
| 007 |
cr cn||||||||| |
| 008 |
020730s2002 enk sb 001 0 eng |
| 010 |
|
|
|z 2002068303
|
| 020 |
|
|
|z 0415259606 (alk. paper)
|
| 020 |
|
|
|z 0415259614 (pbk. : alk. paper)
|
| 035 |
|
|
|a (MiAaPQ)EBC235437
|
| 035 |
|
|
|a (Au-PeEL)EBL235437
|
| 035 |
|
|
|a (CaPaEBR)ebr10100956
|
| 035 |
|
|
|a (CaONFJC)MIL11126
|
| 035 |
|
|
|a (OCoLC)936904445
|
| 040 |
|
|
|a MiAaPQ
|c MiAaPQ
|d MiAaPQ
|
| 050 |
|
4 |
|a GV706.42
|b .W58 2002
|
| 082 |
0 |
4 |
|a 796/.01
|2 21
|
| 245 |
0 |
0 |
|a With God on their side
|h [electronic resource] :
|b sport in the service of religion /
|c edited by Tara Magdalinski and Timothy J.L. Chandler.
|
| 260 |
|
|
|a London ;
|a New York :
|b Routledge,
|c 2002.
|
| 300 |
|
|
|a ix, 204 p.
|
| 504 |
|
|
|a Includes bibliographical references and index.
|
| 505 |
0 |
0 |
|t With God on their side: an introduction /
|r Tara Magdalinski, Timothy J.L. Chandler --
|t Catholics and sport in Northern Ireland: exclusiveness or inclusiveness? /
|r Mike Cronin --
|t Stadium politics: sport, Islam and Amazigh consciousness in France and North Africa /
|r Paul A. Silverstein --
|t 'We are red, white and blue, we are Catholic, why aren't you?: religion and soccer subculture symbolism /
|r John Hughson --
|t Women, sport and American Jewish identity in the late nineteenth and early twentieth centuries /
|r Linda J. Borish --
|t Manly Catholicism: making men in Catholic public schools, 1945-80 /
|r Timothy J.L. Chandler --
|t Religion, race and rugby in 'coloured' Cape Town /
|r John Nauright, Tara Magdalinski --
|t Appeasing the Gods: Shinto, sumo and 'true' Japanese spirit /
|r Richard Light, Louise Kinnaird --
|t What makes a man?: religion, sport and negotiating masculine identity in the Promise Keepers /
|r George D. Randels Jr., Becky Beal --
|t Muhammad Speaks and Muhammad Ali: intersections of the Nation of Islam and sport in the 1960s /
|r Maureen Smith --
|t Epilogue /
|r Tara Magdalinski, Timothy J.L. Chandler.
|
| 533 |
|
|
|a Electronic reproduction. Ann Arbor, MI : ProQuest, 2015. Available via World Wide Web. Access may be limited to ProQuest affiliated libraries.
|
| 650 |
|
0 |
|a Sports
|x Religious aspects
|v Cross-cultural studies.
|
| 655 |
|
4 |
|a Electronic books.
|
| 700 |
1 |
|
|a Magdalinski, Tara.
|
| 700 |
1 |
|
|a Chandler, Timothy John Lindsay.
|
| 710 |
2 |
|
|a ProQuest (Firm)
|
| 856 |
4 |
0 |
|u https://ebookcentral.proquest.com/lib/matrademy/detail.action?docID=235437
|z Click to View
|